| 000 | 00888nas a2200289 4500 | ||
|---|---|---|---|
| 001 | BR2016001733 | ||
| 003 | BR-BrBNA | ||
| 005 | 20231205130314.0 | ||
| 007 | ta | ||
| 008 | 230509b bl.|||p| |||| 00| 00por d | ||
| 040 |
_aBR-BrBNA _bpor _cBiblioteca Nacional de Agricultura |
||
| 041 | _a(En) | ||
| 072 | _aL73 | ||
| 100 | 1 | _aMendonça, I.L. de | |
| 100 | 1 | _aBatista, J.F. | |
| 100 | 1 | _aAlves, L.C. | |
| 245 | 1 | _aLeishmania (infantum)chagasi in canine urinary sediment | |
| 650 | _aCAO | ||
| 650 | _aURINA | ||
| 650 | _aLEISHMANIOSE | ||
| 650 | _aDIAGNOSTICO | ||
| 650 | _aDOENCA ANIMAL | ||
| 773 | 0 |
_tBrazilian Journal of Veterinary Parasitology (Brazil) _xISSN 1984-2961 _g(Jan-Mar 2015), v. 24(1) p. 92-94 _wBR2016001733 |
|
| 856 | 4 | 0 | _uhttp://www.scielo.br/pdf/rbpv/v24n1/1984-2961-rbpv-24-1-92.pdf |
| 909 |
_a202311 _bLúcia _c55 _dLúcia Elande |
||
| 942 |
_2AGRIS _n0 _cANA |
||
| 999 |
_c248758 _d248758 |
||